000
00144 a2200073 4500
020
_a
9780620467575
082
_a
615.7 DAI
245
_a
Daily Drug Use
999
_c
791510
_d
791509
942
_w
223
_x
Zanele Mgwenya
_y
223
_z
Zanele Mgwenya